History Quiz

Random History or Letter Quiz
Score 0/26 Timer 05:00
9 Plays Today
Letter Answers % Correct
OOlympics
93.3%
NRichard Nixon
92.8%
DDiana
92.5%
RRwanda
86.2%
GGuillotine
86%
SSuez Canal
84.7%
TTurkish Empire
80.6%
LLouis XIV
77.2%
HHo Chi Minh
76.6%
MManila
71.8%
AAlexandria
71.4%
JJesuits
69.5%
YYalta Conference
65%
Letter Answers % Correct
WWellington
61.2%
KKhmer Rouge
55.4%
BOtto von Bismarck
53.9%
ZZaire
48.9%
PAugusto Pinochet
48.8%
UUtopia
47.8%
VVenice
47.2%
FFief
45.8%
CCuneiform
41.9%
IIroquois
33.8%
EEphesus
31.3%
QVidkun Quisling
27.2%
XXenophon
11%

You're not logged in!

Compare scores with friends on all Sporcle quizzes.
OR
Log In

Sporcle TV

Today on Sporcle TV


Watch our educational content, quiz creation guides, and fun videos on Sporcle TV.

Show Comments

Extras

Top Quizzes Today


Score Distribution

Your Account Isn't Verified!

In order to create a playlist on Sporcle, you need to verify the email address you used during registration. Go to your Sporcle Settings to finish the process.

Report this User

Report this user for behavior that violates our Community Guidelines.

Details: